Lost and now found : explorers, diplomats and artists in Egypt and the Near East /

محفوظ في:

مؤلفون آخرون: Cooke, Neil, 1947-, Daubney, Vanessa

التنسيق: كتاب

اللغة: English

منشور في: Oxford : Archaeopress Publishing Ltd., [2017].

الموضوعات:

الوسوم: إضافة وسم

لا توجد وسوم, كن أول من يضع وسما على هذه التسجيلة!

رقم الطلب: DT44.98 .L67 2017

LEADER 00849namaa2200253 4500
003 OSt
005 20260428131741.0
008 130303t20172017enka b 001 0 eng d
020 |a 9781784916275 
040 |c ARCE library 
043 |a f-ua--- 
050 4 |a DT44.98 .L67 2017 
245 0 0 |a Lost and now found :   |b explorers, diplomats and artists in Egypt and the Near East /   |c edited by Neil Cooke & Vanessa Daubney. 
264 1 |a Oxford :  |b Archaeopress Publishing Ltd.,  |c [2017]. 
264 4 |c ©2017. 
300 |a xiii, 310 pages :  |b illustrations (some col) ;  |c 23 cm. 
504 |a Includes bibliograhical references and index. 
650 0 |a Travelers  |z Egypt  |x History. 
651 0 |a Egypt  |x Description and travel. 
700 1 |a Cooke, Neil,   |d 1947- 
700 1 |a Daubney, Vanessa,  |9 28658 
901 |a reviewed 
942 |c BK  |2 lcc 
999 |c 8959  |d 8959